Guess the nations that joined the allies in WW2 - Statistics

General Stats
  • This quiz has been taken 219 times
  • The average score is 31 of 43
Answer Stats
Continent Country % Correct
Every Continent United Kingdom
99%
Europe-Africa-Asia France
97%
North America United States
97%
South America Brazil
92%
North America Canada
92%
Asia China
92%
Europe-Asia Soviet Union
86%
Oceania Australia
85%
Europe-Africa Belgium
85%
North America Mexico
85%
Europe Norway
84%
Oceania New Zealand
83%
South America Argentina
82%
Europe Greece
82%
Europe Netherlands
82%
Europe Poland
80%
South America Chile
79%
South America Colombia
79%
Europe Denmark
78%
South America Uruguay
78%
South America Paraguay
77%
South America Peru
77%
South America Ecuador
75%
Africa South Africa
75%
South America Venezuela
75%
South America Bolivia
74%
Europe Luxembourg
73%
South America Panama
72%
Europe-Asia Turkey
72%
Europe Yugoslavia
72%
South America Costa Rica
67%
South America Nicaragua
64%
South America El Salvador
63%
South America Guatemala
63%
South America Honduras
63%
Europe Finland
62%
Africa Ethiopia
54%
Asia Mongolia
51%
South America Dominican Republic
49%
Asia Saudi Arabia
42%
Africa Liberia
41%
Europe Monaco
28%
Asia Yemen
27%
No matching quizzes found
Score Distribution
Percent of People with Each Score
Percentile by Number Answered
Your Score History
You have not taken this quiz